MARC details
| 000 -LEADER |
| fixed length control field |
01376cam a22003371 4500 |
| 001 - CONTROL NUMBER |
| control field |
carthaginianrose00chas |
| 003 - CONTROL NUMBER IDENTIFIER |
| control field |
CaSfIA |
| 005 - DATE AND TIME OF LATEST TRANSACTION |
| control field |
20230525154911.0 |
| 007 - PHYSICAL DESCRIPTION FIXED FIELD--GENERAL INFORMATION |
| fixed length control field |
cr|||| |
| 008 - FIXED-LENGTH DATA ELEMENTS--GENERAL INFORMATION |
| fixed length control field |
750604s1961 nyu 000 0 eng |
| 010 ## - LIBRARY OF CONGRESS CONTROL NUMBER |
| LC control number |
61009487 |
| 040 ## - CATALOGING SOURCE |
| Original cataloging agency |
DLC |
| Transcribing agency |
ORL |
| Modifying agency |
DLC |
| -- |
BTCTA |
| -- |
OCLCG |
| -- |
KEU |
| -- |
CaSfIA |
| 035 ## - SYSTEM CONTROL NUMBER |
| System control number |
(OCoLC)1372986 |
| 050 00 - LIBRARY OF CONGRESS CALL NUMBER |
| Classification number |
PN4874.C466 |
| Item number |
A3 |
| 082 ## - DEWEY DECIMAL CLASSIFICATION NUMBER |
| Classification number |
927.92 |
| 029 1# - OTHER SYSTEM CONTROL NUMBER (OCLC) |
| OCLC library identifier |
AU@ |
| System control number |
000025001199 |
| 029 1# - OTHER SYSTEM CONTROL NUMBER (OCLC) |
| OCLC library identifier |
DEBBG |
| System control number |
BV004418580 |
| 100 1# - MAIN ENTRY--PERSONAL NAME |
| Personal name |
Chase, Ilka, |
| Dates associated with a name |
1905-1978. |
| 245 14 - TITLE STATEMENT |
| Title |
The Carthaginian rose. |
| Medium |
[electronic resource] |
| Statement of responsibility, etc. |
With drawings by Mircea Vasiliu. |
| 250 ## - EDITION STATEMENT |
| Edition statement |
[1st ed.] |
| 260 ## - PUBLICATION, DISTRIBUTION, ETC. |
| Place of publication, distribution, etc. |
Garden City, N.Y., |
| Name of publisher, distributor, etc. |
Doubleday, |
| Date of publication, distribution, etc. |
c1961 |
| 300 ## - PHYSICAL DESCRIPTION |
| Extent |
429 p. |
| Other physical details |
illus. |
| Dimensions |
25 cm. |
| 650 #0 - SUBJECT ADDED ENTRY--TOPICAL TERM |
| Topical term or geographic name entry element |
Voyages and travels. |
| 650 #0 - SUBJECT ADDED ENTRY--TOPICAL TERM |
| Topical term or geographic name entry element |
Journalists |
| Form subdivision |
Biography. |
| 650 #0 - SUBJECT ADDED ENTRY--TOPICAL TERM |
| Topical term or geographic name entry element |
Journalists |
| Form subdivision |
Correspondence. |
| 630 00 - SUBJECT ADDED ENTRY--UNIFORM TITLE |
| Uniform title |
Journalists |
| General subdivision |
Biography. |
| 776 08 - ADDITIONAL PHYSICAL FORM ENTRY |
| Relationship information |
Online version: |
| Main entry heading |
Chase, Ilka, 1905-1978. |
| Title |
Carthaginian rose. |
| Edition |
[1st ed.] |
| Place, publisher, and date of publication |
Garden City, N.Y., Doubleday, c1961 |
| Record control number |
(OCoLC)567953232 |
| 776 08 - ADDITIONAL PHYSICAL FORM ENTRY |
| Relationship information |
Online version: |
| Main entry heading |
Chase, Ilka, 1905-1978. |
| Title |
Carthaginian rose. |
| Edition |
[1st ed.] |
| Place, publisher, and date of publication |
Garden City, N.Y., Doubleday, c1961 |
| Record control number |
(OCoLC)607669009 |
| 856 41 - ELECTRONIC LOCATION AND ACCESS |
| Uniform Resource Identifier |
<a href="http://www.archive.org/details/carthaginianrose00chas">http://www.archive.org/details/carthaginianrose00chas</a> |
| Public note |
Free eBook from the Internet Archive |
| 856 42 - ELECTRONIC LOCATION AND ACCESS |
| Uniform Resource Identifier |
<a href="http://www.openlibrary.org/books/OL5822876M">http://www.openlibrary.org/books/OL5822876M</a> |
| Public note |
Additional information and access via Open Library |